The biological and social meaning of race, (Record no. 176514)
[ view plain ]
| 000 -LEADER | |
|---|---|
| fixed length control field | 00794cam4a220024100 4500 |
| 001 - CONTROL NUMBER | |
| control field | lce00018723 |
| 008 - FIXED-LENGTH DATA ELEMENTS--GENERAL INFORMATION | |
| fixed length control field | 711215s1971 cau b 001 0 eng |
| 010 ## - LIBRARY OF CONGRESS CONTROL NUMBER | |
| LC control number | 75150652 //r86 |
| 020 ## - INTERNATIONAL STANDARD BOOK NUMBER | |
| International Standard Book Number | 071670935X |
| -- | 0716709341 (pbk) |
| 020 ## - INTERNATIONAL STANDARD BOOK NUMBER | |
| Terms of availability | |
| Linkage | .00 |
| 035 ## - SYSTEM CONTROL NUMBER | |
| System control number | (Sirsi) r108079 |
| 035 ## - SYSTEM CONTROL NUMBER | |
| System control number | (DLC) 75150652 //r86 |
| 035 ## - SYSTEM CONTROL NUMBER | |
| System control number | (UPRA)lce00018723 |
| 050 0# - LIBRARY OF CONGRESS CALL NUMBER | |
| Classification number | HT1521 |
| Item number | .O85 |
| 082 ## - DEWEY DECIMAL CLASSIFICATION NUMBER | |
| Classification number | 301/.0422 |
| 100 1# - MAIN ENTRY--PERSONAL NAME | |
| Personal name | Osborne, Richard H. (Richard Hazelet). |
| Fuller form of name | Osborne, Richard H. (Richard Hazelet). |
| Linkage | A66435.1 |
| 245 14 - TITLE STATEMENT | |
| Title | The biological and social meaning of race, |
| Statement of responsibility, etc. | edited by Richard H. Osborne. |
| 260 ## - PUBLICATION, DISTRIBUTION, ETC. | |
| Place of publication, distribution, etc. | San Francisco, |
| Name of publisher, distributor, etc. | W. H. Freeman |
| Date of publication, distribution, etc. | [1971] |
| 504 ## - BIBLIOGRAPHY, ETC. NOTE | |
| Bibliography, etc. note | Includes bibliographies. |
| 650 #0 - SUBJECT ADDED ENTRY--TOPICAL TERM | |
| Topical term or geographic name entry element | Race. |
| Linkage | S3418.1 |
| 949 ## - LOCAL PROCESSING INFORMATION (OCLC) | |
| a | HT1521 |
| w | lcc |
| i | -154082 |
| m | MAIN |
| t | BOOK |
| l | ON-SHELF |
No items available.